000 00324nam a22001337a 4500
008 181008b xxu||||| |||| 00| 0 eng d
020 _a9780256112184
041 _aeng
080 _25th
_a338
100 _a54
101 _aMO
245 _aOperations Management Continuous Improvement
_cSchonberger,R.J
942 _2udc
_cBK
999 _c48993
_d48993